Normal view MARC view

Entry Personal Name

Number of records used in: 4

001 - CONTROL NUMBER

  • control field: 59319

003 - CONTROL NUMBER IDENTIFIER

  • control field: dpl

005 - DATE AND TIME OF LATEST TRANSACTION

  • control field: 20231201142254.0

008 - FIXED-LENGTH DATA ELEMENTS

  • fixed length control field: 231201|| aca||aabn | a|a d

040 ## - CATALOGING SOURCE

  • Original cataloging agency: dpl
  • Transcribing agency: dpl

100 ## - HEADING--PERSONAL NAME

  • Personal name: Roy, Dr Hemant

670 ## - SOURCE DATA FOUND

  • Source citation: Work cat.: (dpl)199378: Sharma, Dr. J.P 59318, Cuet :, 2022

© Delhi Public Library
Hit Counter
free hit counter